Statistiques concernant La mythologie grecque - Les noms en E

Cliquez ici pour prendre le quiz!

Statistiques générales

  • Ce quiz a été pris 348 fois
  • Le résultat moyen est 8 sur 20

Statistiques - réponses

IndiceRéponse% Correct
Dieu de l'amour et de la sexualitéÉros
93%
Maître des ventsÉole
90%
Épouse d'OrphéeEurydice
64%
Nymphe qui répète les derniers mots de son interlocuteurÉcho
57%
Père de ThéséeÉgée
53%
Déesse de la discordeÉris
52%
Gendre du roi Priam, survivant de la guerre de TroieÉnée
49%
Princesse phénicienne que Zeus séduit transformé en taureauEurope
48%
Celui qui pense après coup, frère de ProméthéeÉpiméthée
47%
Mère de nombreux monstres mythologiquesÉchidna
44%
Dieu primordial des ténèbresÉrèbe
41%
Titanide de l'auroreÉos
32%
Dieu du vent de l'EstEuros
29%
Muse de la poésie élégiaque et érotiqueÉrato
26%
Dieu primordial de la lumièreÉther
26%
Muse de la musiqueEuterpe
23%
Géant terrassé par Athéna et enterré sous l'EtnaEncelade
20%
Grand-père d'Achille, l'un des juges des EnfersÉaque
19%
L'un des fils d'ŒdipeÉtéocle
15%
Celui qui impose les travaux à HéraclèsEurysthée
10%

Distribution des résultats

Percentile par nombre de réponses

% des personnes avec chaque résultat

Votre développement - résultats

Vous n’avez pas pris ce quiz